Informačný cenový spravodaj

Enregistré dans:
Détails bibliographiques
Format: Publication en série
Langue:slovaque
Publié: Bratislava Výskumný ústav cenový 1981
Tags: Ajouter un tag
Pas de tags, Soyez le premier à ajouter un tag!

MARC

LEADER 00000nas2a2200000 4500
001 s123035
005 20250730114213.4
041 0 |a slo 
044 |a SK 
245 1 0 |a Informačný cenový spravodaj 
264 1 |a Bratislava  |b Výskumný ústav cenový  |c 1981 
300 |a 1 zv. 
773 0 |w eu_un_cat*s120774